Celos, aun del aire, matan (de Juan Hidalgo y Pedro Calderón de la Barca) en versión de nuestro tiempo / (Record no. 12208)
[ view plain ]
| 000 -LEADER | |
|---|---|
| campo de control de longitud fija | 01192nam a2200265 i 4500 |
| 001 - NÚMERO DE CONTROL | |
| campo de control | 12208 |
| 003 - IDENTIFICADOR DE NÚMERO DE CONTROL | |
| campo de control | ES-MaACL |
| 005 - FECHA Y HORA DE LA ÚLTIMA TRANSACCIÓN | |
| campo de control | 20250131222200.0 |
| 007 - CAMPO FIJO DE DESCRIPCIÓN FÍSICA--INFORMACIÓN GENERAL | |
| campo de control de longitud fija | t| |
| 008 - DATOS DE LONGITUD FIJA--INFORMACIÓN GENERAL | |
| campo de control de longitud fija | 970425s1982 ag |||| | spa d |
| 080 ## - NÚMERO DE LA CLASIFICACIÓN DECIMAL UNIVERSAL | |
| Número de la Clasificación Decimal Universal | 860 Calderón de la Barca, Pedro 7 Celos, aun del aire, matan.06 |
| 080 ## - NÚMERO DE LA CLASIFICACIÓN DECIMAL UNIVERSAL | |
| Número de la Clasificación Decimal Universal | 782.1 Calderón de la Barca, Pedro |
| 080 ## - NÚMERO DE LA CLASIFICACIÓN DECIMAL UNIVERSAL | |
| Número de la Clasificación Decimal Universal | 782.1 Hidalgo, Juan |
| 100 1# - ENTRADA PRINCIPAL--NOMBRE DE PERSONA | |
| Nombre de persona | Entenza de Solare, Beatriz Elena |
| 9 (RLIN) | 47305 |
| 245 10 - MENCIÓN DEL TÍTULO | |
| Título | Celos, aun del aire, matan (de Juan Hidalgo y Pedro Calderón de la Barca) en versión de nuestro tiempo / |
| Mención de responsabilidad, etc. | Beatriz Entenza de Solare. |
| 260 ## - PUBLICACIÓN, DISTRIBUCIÓN, ETC. | |
| Lugar de publicación, distribución, etc. | Buenos Aires : |
| Nombre del editor, distribuidor, etc. | El Derecho, |
| Fecha de publicación, distribución, etc. | 1982. |
| 300 ## - DESCRIPCIÓN FÍSICA | |
| Extensión | P. 185-191 ; |
| Dimensiones | 24 cm. |
| 595 ## - | |
| -- | Separata de: Letras: revista de la Facultad de Filosofía y Letras de la Pontificia Universidad Católica Argentina Santa María de los Buenos aires, n. VI-VII, dic. 1982- abril 1983. |
| 600 14 - PUNTO DE ACCESO ADICIONAL DE MATERIA--NOMBRE DE PERSONA | |
| Nombre de persona | Calderón de la Barca, Pedro. |
| Título de la obra | Celos, aun del aire, matan. |
| 9 (RLIN) | 33617 |
| 600 14 - PUNTO DE ACCESO ADICIONAL DE MATERIA--NOMBRE DE PERSONA | |
| Nombre de persona | Hidalgo, Juan. |
| Título de la obra | Celos, aun del aire, matan. |
| 9 (RLIN) | 63573 |
| 650 14 - PUNTO DE ACCESO ADICIONAL DE MATERIA--TÉRMINO DE MATERIA | |
| Término de materia o nombre geográfico como elemento de entrada | |
| 9 (RLIN) | 239515 |
| 700 1# - ENTRADA AGREGADA--NOMBRE PERSONAL | |
| Nombre de persona | Hidalgo, Juan. |
| 9 (RLIN) | 63572 |
| 852 ## - LOCALIZACIÓN | |
| Ubicación | ES-MaACL |
| Número de control de estantería | 2150-F-10 |
| Nota libre | . - Dedicatoria autógrafa de la autora |
| Estatus retirado | Estado de pérdida | Estado de daño | No para préstamo | Colección | Biblioteca de origen | Biblioteca actual | Ubicación en estantería | Fecha de adquisición | Fuente de adquisición | Total de préstamos | Signatura topográfica completa | Código de barras | Visto por última vez | Precio de reemplazo | Tipo de ítem Koha |
|---|---|---|---|---|---|---|---|---|---|---|---|---|---|---|---|
| Colección de folletos | Biblioteca del Ateneo de Madrid | Biblioteca del Ateneo de Madrid | Depósito folletos | 17/01/2008 | 2150-F-10 | 1012440 | 23/02/2023 | 23/02/2023 | Folleto |
